00826nam a22002297a 450000500170000001000130001702000100003003500130004003700160005304000120006908200310008110000260011224500840013824600410022226000700026327000680033330000530040165000480045465000490050265000240055165000210057520170124103014.0 aA-099156 c25.00 aA-099156 bCen Lib/Ret aDPLbHN aउbइन्दिरा aइन्दिरा aलिथुवानिया की एक शाम /cइन्दिरा aLithuvaniya ki ek shaam /bby Indira aदिल्ली bविचार प्रकाशन c1981 bदिल्ली a416, झील कुरंजा e110051 a172पृ. c17सेमी (सजिल्द) aहिन्दी -- साहित्य aहिन्दी -- उपन्यास  aHindi -- Literature aHindi -- Fiction